000
00260nam a22001097a 4500
008
160507b xxu||||| |||| 00| 0 eng d
020
_a
0763747246
041
_a
eng
080
_a
615
245
_a
Pharmacy practice and the law:
_c
Richard Abood;
942
_2
udc
_c
BK
999
_c
1891
_d
1891